000 00641nam a2200241Ia 4500
003 OSt
005 20220930190232.0
006 a|||||r|||| 00| 0
007 ta
008 220926b |||||||| |||| 00| 0 mal d
024 _a57364
037 _cTextbook
040 _aCRL
_cCRL
_bmal
041 _2mal
_amal
082 _aO32,3NMN,2, J7
100 _aNair Thirunainarkurichi Au.
_9558657
245 0 _aGramaseema
260 _c1957
650 _a MALAYALAM LITERATURE
_938866
650 _aMALAYALAM FICTION
_9183428
942 _hO32,3NMN,2, J7
_cTB
_2CC
999 _c891835
_d891835